000 00717nam a2200193Ia 4500
003 GCL
008 140319s9999 xx 000 0 ara d
040 _aGCL /
_cGCL
082 0 4 _a091.1
_bع ف
100 1 _aعدنان عبدالرحمن الدورى
245 1 0 _aفهرس مخطوطات مكتبة الحاج الاعظمى /
_cعدنان عبدالرحمن الدورى
250 _aالاولى
260 _aالكويت :
_bمركز المخطوطات والتراث والوثائق ،
_c2002
300 _a119 ص ؛
_c24 سم
650 0 4 _aالمخطوطات العربية
650 0 4 _aالمخطوطات - فهرسة
650 0 4 _aالمخطوطات - ببليوجرافيات
942 _2ddc
_cBK
999 _c58139
_d58139